| 000 | 02305nam0a2200385 4500 | ||
|---|---|---|---|
| 001 | RU\NLR\BIBL_A\022345413 | ||
| 005 | 20260420015500.0 | ||
| 010 |
_a978-5-6051774-0-1 _9500 |
||
| 021 |
_aRU _bКН-П-24-049600 _9КН-П-24-4930 |
||
| 035 | _a(NLR Aleph) 022345413 | ||
| 090 |
_a13666654 _c13666654 |
||
| 100 | _a20241008d2024 k y0rusy50 ca | ||
| 101 | 0 | _arus | |
| 102 | _aRU | ||
| 105 | _ay z 110yy | ||
| 181 | 0 |
_ai _baxxe |
|
| 182 | 0 | _an | |
| 200 | 1 |
_aФундаментальные и прикладные проблемы государства, судебной власти, правосудия и судебной деятельности _eматериалы "круглого стола" (9 ноября 2023 г.) _fпод редакцией доктора юридических наук, профессора Н. А. Колоколова |
|
| 203 |
_aТекст _bвизуальный _cнепосредственный |
||
| 210 |
_aМосква _cУМЦ _d2024 |
||
| 215 |
_a461, [1] с. _d20 |
||
| 300 | _aНа тит. с. и обл.: Университет мировых цивилизаций им. В. В. Жириновского, 25 лет | ||
| 320 | _aБиблиогр. в конце ст. и в подстроч. примеч. | ||
| 606 | 1 |
_aГосударство _jСъезды, совещания и т.п _91282982 _3RU\NLR\AUTH\66211629 |
|
| 606 | 1 |
_aСудебная система _jСъезды, совещания и т.п _91732696 _3RU\NLR\AUTH\661070792 |
|
| 686 | 1 | _aХ.я431 | |
| 686 | 1 | _aХ629.01я431 | |
| 702 | 1 |
_4340 _7ca _8rus _aКолоколов _bН. А. _f1955- _gНикита Александрович _929138 _3RU\NLR\AUTH\7746203 |
|
| 711 | 1 | 2 |
_a"Фундаментальные и прикладные проблемы государства, судебной власти, правосудия и судебной деятельности", круглый стол _eМосква _f2023 _92644585 _3RU\NLR\AUTH\880616882 |
| 712 | 0 | 2 |
_4475 _aУниверситет мировых цивилизаций им. В. В. Жириновского _cМосква _9842059 _3RU\NLR\AUTH\880588106 |
| 942 | _cBOOK | ||
| 980 | _aNB | ||